000 00307nam a2200121Ia 4500
008 220615s9999||||xx |||||||||||||| ||und||
020 _a9781840000000
245 0 _aEmerging Contaminants
546 _aEnglish[eng]
700 _aNuro, Aurel
856 _uhttps://www.intechopen.com/books/10030
942 _cEB
999 _c15096
_d15096